Možnosti obnovy rezných vlastností nástrojov

Saved in:
Bibliographic Details
Main Author: Jurkovský, René (Author)
Other Authors: Pokorný, Peter (Thesis advisor)
Format: Manuscript Book
Language:Slovak
Published: 2015
Subjects:
Online Access:http://is.stuba.sk/zp/portal_zp.pl?podrobnosti=121182
Tags: Add Tag
No Tags, Be the first to tag this record!

MARC

LEADER 00000ntm a22000003a 4500
001 stuzp51031
003 SK-STU
005 20160719153731.0
007 ta
008 150427s2015----xo-----f-mn---000-0-slo-d
040 |a STU  |b slo 
041 0 |a slo 
100 1 |a Jurkovský, René  |u 063000  |4 aut  |U MTF Materiálovotechnologická fakulta  |T MTF Ústav výrobných technológií  |X 47104  |U M3000  |Y 83  |7 47104 
242 0 1 |a Possibilities of restoration of cutting properties of tools  |y eng 
245 1 0 |a Možnosti obnovy rezných vlastností nástrojov 
260 |c 2015 
650 4 |a rezné nástroje  |2 slo 
650 4 |a obnova rezných vlastností  |2 slo 
650 4 |a ostrenie  |2 slo 
650 4 |a rektifikácia  |2 slo 
650 4 |a cutting tools  |2 eng 
650 4 |a sharpening  |2 eng 
650 4 |a rectification  |2 eng 
650 4 |a renewal of cutting properties  |2 eng 
700 1 |a Pokorný, Peter  |4 ths  |X 2771  |7 A000002771 
856 4 |u http://is.stuba.sk/zp/portal_zp.pl?podrobnosti=121182 
996 |c M* BP-7417  |l MMSKP  |s P  |a 0  |w stuzp51031_0001 
SQL |a stuzp51031  |b DBP  |c SLO  |d Možnosti obnovy rezných vlastností nástrojov  |e 47104  |f Jurkovský, René  |g 063000  |h 2771  |i Pokorný, Peter  |j 20150624  |k 174  |l 06  |m http://is.stuba.sk/zp/portal_zp.pl?podrobnosti=121182  |n B-PPT  |o 5.2.51. výrobné technológie